แปซิฟิก สมรภูมิเดนตาย สหายร่วมรบ = (ระเบียนเลขที่ 64767)
| 000 -LEADER | |
|---|---|
| fixed length control field | 01223nam a22002297a 4500 |
| 003 - CONTROL NUMBER IDENTIFIER | |
| control field | NALT |
| 005 - DATE AND TIME OF LATEST TRANSACTION | |
| control field | 20210808114401.0 |
| 008 - FIXED-LENGTH DATA ELEMENTS--GENERAL INFORMATION | |
| fixed length control field | s2553 th ||||| |||| 00| 0 tha d |
| 020 ## - INTERNATIONAL STANDARD BOOK NUMBER | |
| International Standard Book Number | 9789740206149 |
| 040 ## - CATALOGING SOURCE | |
| Original cataloging agency | NALT |
| 050 ## - LIBRARY OF CONGRESS CALL NUMBER | |
| Classification number | D 767.99.P4 |
| Item number | ส373ป 2553 |
| 100 1# - MAIN ENTRY--PERSONAL NAME | |
| Personal name | สเล็ดจ์, อี.บี. |
| 9 (RLIN) | 54173 |
| 245 10 - TITLE STATEMENT | |
| Title | แปซิฟิก สมรภูมิเดนตาย สหายร่วมรบ = |
| Remainder of title | With the old breed / |
| Statement of responsibility, etc. | E.B. Sledge, เขียน ; ฉัตรนคร (องคสิงห์) เขมาสารี, แปล. |
| 260 ## - PUBLICATION, DISTRIBUTION, ETC. | |
| Place of publication, distribution, etc. | กรุงเทพฯ : |
| Name of publisher, distributor, etc. | มติชน, |
| Date of publication, distribution, etc. | 2553 |
| 300 ## - PHYSICAL DESCRIPTION | |
| Extent | 467 หน้า : |
| Other physical details | ภาพประกอบ ; |
| Dimensions | 21 ซม. |
| 650 ## - SUBJECT ADDED ENTRY--TOPICAL TERM | |
| Topical term or geographic name entry element | สงครามโลก, ค.ศ. 1939-1945 |
| 9 (RLIN) | 54174 |
| General subdivision | การรบ |
| Geographic subdivision | ญี่ปุ่น |
| -- | เกาะโอกินาวา |
| 650 ## - SUBJECT ADDED ENTRY--TOPICAL TERM | |
| Topical term or geographic name entry element | ทหาร |
| 9 (RLIN) | 45295 |
| General subdivision | ชีวประวัติ |
| Geographic subdivision | สหรัฐอเมริกา |
| 651 #4 - SUBJECT ADDED ENTRY--GEOGRAPHIC NAME | |
| 9 (RLIN) | 54176 |
| Geographic name | เกาะโอกินาวา (ญี่ปุ่น) |
| General subdivision | ประวัติศาสตร์ |
| 850 ## - HOLDING INSTITUTION | |
| Holding institution | NALT |
| 942 ## - ADDED ENTRY ELEMENTS (KOHA) | |
| Koha item type | General Book |
| Source of classification or shelving scheme | Library of Congress Classification |
| 998 ## - STAFF NAME (NALT) | |
| -- | 104 |
| -- | สายฝน ดีงาม |
| Withdrawn status | Lost status | Source of classification or shelving scheme | Damaged status | Not for loan | Collection code | Home library | Current library | Date acquired | Source of acquisition | Full call number | Barcode | Date last seen | Copy number | Price effective from | Koha item type |
|---|---|---|---|---|---|---|---|---|---|---|---|---|---|---|---|
| Library of Congress Classification | General Book collection | National Assembly Library of Thailand | National Assembly Library of Thailand | 08/08/2021 | จัดซื้อทรัพยากร | D 767.99.P4 ส373ป 2553 | 3961187477 | 09/06/2017 | ฉ.1 | 09/06/2017 | General Book | ||||
| Library of Congress Classification | General Book collection | National Assembly Library of Thailand | National Assembly Library of Thailand | 08/08/2021 | จัดซื้อทรัพยากร | D 767.99.P4 ส373ป 2553 | 3961187478 | 09/06/2017 | ฉ.2 | 09/06/2017 | General Book |
